Kho dữ liệu cho giáo trình - bài giảng các cấp : Luận văn Thạc sĩ Công nghệ thông tin. Chuyên ngành Hệ thống thông tin

Nội dung đề tài nghiên cứu vận dụng kiến trúc kho dữ liệu và dữ liệu đa phương tiện để xây dựng hệ thống lưu trữ nội dung bài giảng, hướng đến tính mở của hệ thống bằng việc kết hợp với một số hệ thống học tập trực tuyế...

Cur síos iomlán

Đã lưu trong:
Sonraí Bibleagrafaíochta
Príomhúdar: Phạm, Thị Ngọc Hà
Formáid: Leabhar
Teanga:Undetermined
Foilsithe: Cần Thơ Trường Đại học Cần Thơ 2013
Ábhair:
Clibeanna: Cuir Clib Leis
Gan Chlibeanna, Bí ar an gcéad duine leis an taifead seo a chlibeáil!
Thư viện lưu trữ: Trung tâm Học liệu Trường Đại học Cần Thơ
LEADER 01258nam a2200217Ia 4500
001 CTU_185012
008 210402s9999 xx 000 0 und d
082 |a 005.7585 
082 |b H100 
088 |a 60480104 
100 |a Phạm, Thị Ngọc Hà 
245 0 |a Kho dữ liệu cho giáo trình - bài giảng các cấp : 
245 0 |b Luận văn Thạc sĩ Công nghệ thông tin. Chuyên ngành Hệ thống thông tin 
245 0 |c Phạm Thị Ngọc Hà ; Phạm Thị Xuân Lộc (Người hướng dẫn khoa học) 
260 |a Cần Thơ 
260 |b Trường Đại học Cần Thơ 
260 |c 2013 
520 |a Nội dung đề tài nghiên cứu vận dụng kiến trúc kho dữ liệu và dữ liệu đa phương tiện để xây dựng hệ thống lưu trữ nội dung bài giảng, hướng đến tính mở của hệ thống bằng việc kết hợp với một số hệ thống học tập trực tuyến. 
650 |a Bài giảng dữ liệu,Kho dữ liệu,Data warehousing,E-learning 
904 |i Thuỳ An, Trúc 
980 |a Trung tâm Học liệu Trường Đại học Cần Thơ